| 000 | 00764nam a2200253 a 4500 | ||
|---|---|---|---|
| 999 |
_c7351 _d7351 |
||
| 001 | 7351 | ||
| 003 | BD - JhCC | ||
| 005 | 20180422084634.0 | ||
| 008 | 900614s1931 enka 000 1 eng d | ||
| 035 | _a(BD - JhCC)7351 | ||
| 035 | _a(OCoLC)25073917 | ||
| 040 |
_aWHE _dm.c _dUkOxU _dBD - JhCC |
||
| 041 | _aeng | ||
| 082 |
_bBRO 1957 _a823.8 |
||
| 100 | 1 |
_aBrontë, Charlotte, _d1816-1855. |
|
| 245 | 1 | 0 |
_aJane Eyre / _cCharlotte Brontë, |
| 260 |
_aOxford University Press : _bPublished for the Shakespeare Head Press by Basil Blackwell, _c1957 |
||
| 300 |
_a2 v. (6 leaves of plates) : _bill ; _c24 cm |
||
| 490 | 1 |
_aShakespeare Head Brontë ; _v1-2 |
|
| 650 | _aManners and customs | ||
| 650 |
_aGovernesses _zEngland |
||
| 942 |
_2ddc _cBK |
||